Integrated Agriculture and Natural Resource Management for Sustainable Development (Record no. 25434)
[ view plain ]
| 000 -LEADER | |
|---|---|
| fixed length control field | 00471nam a22001577a 4500 |
| 003 - CONTROL NUMBER IDENTIFIER | |
| control field | LRUA |
| 005 - DATE AND TIME OF LATEST TRANSACTION | |
| control field | 20251128151357.0 |
| 008 - FIXED-LENGTH DATA ELEMENTS--GENERAL INFORMATION | |
| fixed length control field | 251128b xxu||||| |||| 00| 0 eng d |
| 040 ## - CATALOGING SOURCE | |
| Transcribing agency | RUA |
| 082 ## - DEWEY DECIMAL CLASSIFICATION NUMBER | |
| Edition number | RE THO 2013 C108 Or1 |
| 100 ## - MAIN ENTRY--PERSONAL NAME | |
| 9 (RLIN) | 19175 |
| Personal name | THO KIM EANG ធូ គីមអ៊ាង |
| 245 ## - TITLE STATEMENT | |
| Title | Integrated Agriculture and Natural Resource Management for Sustainable Development |
| 260 ## - PUBLICATION, DISTRIBUTION, ETC. (IMPRINT) | |
| Place of publication, distribution, etc. | PHNOM PENH |
| Name of publisher, distributor, etc. | RUA |
| Date of publication, distribution, etc. | 2013 |
| 300 ## - PHYSICAL DESCRIPTION | |
| Extent | x69p |
| Other physical details | V |
| Dimensions | 18cm |
| 942 ## - ADDED ENTRY ELEMENTS (KOHA) | |
| Source of classification or shelving scheme | |
| Koha item type | ឯកសារស្រាវជ្រាវ |
| Price effective from | Date last seen | Permanent Location | Not for loan | Date acquired | Source of classification or shelving scheme | Koha item type | Shelving location | Barcode | Lost status | Damaged status | Withdrawn status | Current Location | Full call number |
|---|---|---|---|---|---|---|---|---|---|---|---|---|---|
| 2025-11-28 | 2025-11-28 | Library Block C | 2025-11-28 | ឯកសារស្រាវជ្រាវ | C034253 | Library Block C | RE THO 2013 C108 Or1 | ||||||
| 2025-11-28 | 2025-11-28 | Library Block C | 2025-11-28 | ឯកសារស្រាវជ្រាវ | C108 | C034254 | Library Block C | RE THO 2013 C108 Or2 | |||||
| 2025-11-28 | 2025-11-28 | Library Block C | 2025-11-28 | ឯកសារស្រាវជ្រាវ | C108 | C034255 | Library Block C | RE THO 2013 C108 Or3 | |||||
| 2025-11-28 | 2025-11-28 | Library Block C | 2025-11-28 | ឯកសារស្រាវជ្រាវ | C108 | C034256 | Library Block C | RE THO 2013 C108 Or4 | |||||
| 2025-11-28 | 2025-11-28 | Library Block C | 2025-11-28 | ឯកសារស្រាវជ្រាវ | C108 | C034257 | Library Block C | RE THO 2013 C108 Or5 | |||||
| 2025-11-28 | 2025-11-28 | Library Block C | 2025-11-28 | ឯកសារស្រាវជ្រាវ | C108 | C034258 | Library Block C | RE THO 2013 C108 Or6 |